000 00305nam a2200133Ia 4500
008 191201s2009 xx 000 0 und d
100 _aRamchandran, K.K.
245 0 _aBusiness Communication
250 _aRep.
260 _aN.Delhi
_bMacmillan
_c2009
300 _a303
650 _aMBA
942 _2ddc
_cBK
999 _c4105
_d4105